000 01028nam a2200301 4500
001 44822
021 _b382437/14
090 _a44822
100 _a20150409d2014 m y0pory50030103ba
101 1 _apor
102 _aPT
200 1 _aGrandes entrevistas da história
_f[ed.lit.] Expresso
210 9 _a[Lisboa]
_cExpresso,
_d2014
215 _a7 v.
_cil.
_d19 cm
225 2 _aGrandes entrevistas da história
_v4
327 1 _a1<U+00BA> v.: 1865-1988. - 114 p.
_a2<U+00BA> v.: 1900-1930. - 132 p.
_a3<U+00BA> v.: 1931-1951. - 119 p.
_a4<U+00BA> v.: 1952-1970. - 136 p.
_a5<U+00BA> v.: 1971-1990. - 148 p.
_a6<U+00BA> v.: 1991-2006. - 128 p.
_a7<U+00BA> v.: 2007-2014. - 125 p.
517 1 _a1865-1899
517 1 _a1900-1930
517 1 _a1931-1951
517 1 _a1952-1970
517 1 _a1971-1990
517 1 _a1991-2006
517 1 _a2007-2014
675 _a82-83
712 0 2 _aExpresso
801 0 _aPT
_bBN
_gRPC
856 4 1 _uhttp://rnod.bnportugal.gov.pt/ImagesBN/winlibimg.aspx?skey=&doc=1898187&img=57660&save=true
990 _cLIVROS